Aeronomy : part B (Record no. 192423)

MARC details
000 -LEADER
fixed length control field 00362nam a2200145Ia 4500
008 - FIXED-LENGTH DATA ELEMENTS--GENERAL INFORMATION
fixed length control field 231217s9999 xx 000 0 und d
041 ## - LANGUAGE CODE
Language code of text/sound track or separate title English
082 ## - DEWEY DECIMAL CLASSIFICATION NUMBER
Classification number 551.514 BAN;1 R
100 ## - MAIN ENTRY--PERSONAL NAME
Personal name Banks, P M. Kockarls, G.
245 #0 - TITLE STATEMENT
Title Aeronomy : part B
260 ## - PUBLICATION, DISTRIBUTION, ETC.
Date of publication, distribution, etc. 1973
Name of publisher, distributor, etc. Academic Press
Place of publication, distribution, etc. New York
300 ## - PHYSICAL DESCRIPTION
Extent xiii, 355
650 ## - SUBJECT ADDED ENTRY--TOPICAL TERM
Topical term or geographic name entry element Aeronomy,B
942 ## - ADDED ENTRY ELEMENTS (KOHA)
Koha item type Books
Holdings
Date last seen Total checkouts Full call number Accession number Price effective from Category Lost status Damaged status Department Withdrawn status Home library Current library Shelving location Entry date Grants Billdate Currency symbol Conversion rate Discount Old discount Public note
26/01/2024   551.514 BAN;1 R 78355 26/01/2024 Books     Central Library   Central Library Central Library Central Library 13/05/2011 DONATED 04/05/2016 RS 1      
26/01/2024   551.514 BAN;2 R1 78356 26/01/2024 Books     Central Library   Central Library Central Library Central Library 13/05/2011 DONATED 04/05/2016 RS 1     Rare book

© For any Suggestions or Query, please contact the library staff @ librarian@pes.edu or Phone: +9180 2672 1983/ 2108.